000
00375nam a22001577a 4500
003
MPLRDC
005
20220104143938.0
008
210129b ||||| |||| 00| 0 eng d
082
_a
490.7 XSYTL-2
100
_a
系山英太郎著; 余阿勋译
245
_a
经商妙法
_c
260
_a
_b
世界出版社
_c
300
_b
平
650
_a
942
_c
BK
_o
490.7 XSYTL-2
999
_c
44886
_d
44876